Jaded - Spiritbox - Statistics

General Stats
  • This quiz has been taken 8 times
    5 since last reset
  • The average score is 307 of 320
Answer Stats
𖢻 % Correct
a
100%
again
100%
all
100%
All
100%
alone
100%
always
100%
Always
100%
and
100%
And
100%
ashamed
100%
be
100%
been
100%
blood
100%
Blood
100%
But
100%
by
100%
close
100%
desecrated
100%
(What
100%
dream
100%
end
100%
faded
100%
fall
100%
feel
100%
found
100%
haunted
100%
honest
100%
honor
100%
I
100%
if
100%
in
100%
In
100%
into
100%
is
100%
It
100%
It's
100%
it's
100%
(It's
100%
I've
100%
jaded
100%
know
100%
late
100%
me
100%
memories
100%
my
100%
never
100%
Never
100%
of
100%
place
100%
rivers
100%
rust
100%
silence
100%
that
100%
the
100%
these
100%
this
100%
time
100%
to
100%
too
100%
Under
100%
underneath
100%
until
100%
valleys
100%
wanna
100%
was
100%
was?
100%
was?)
100%
way
100%
what
100%
What
100%
where
100%
with
100%
you
100%
blame
80%
body
80%
can't
80%
confidence
80%
crimson
80%
down
80%
dreams,
80%
enough
80%
enough,
80%
enough)
80%
falling
80%
for
80%
ghost?
80%
influence
80%
Interloper
80%
justify
80%
key
80%
leave
80%
Like
80%
lives
80%
lock
80%
locked
80%
Love
80%
Meant
80%
Mirror
80%
Not
80%
remora
80%
road
80%
rot
80%
rough
80%
see
80%
Shoulder
80%
so
80%
stable
80%
string
80%
swims?
80%
Tethered
80%
thousand
80%
turn
80%
violent
80%
wind
80%
give
60%
go
60%
caused
40%
curse
40%
inside
40%
pressure
40%
Oh,
20%
No matching quizzes found
Score Distribution
Percent of People with Each Score
Percentile by Number Answered
Your Score History
You have not taken this quiz since the last reset